000 00413pab a2200145 454500
008 180718b2002 xxu||||| |||| 00| 0 eng d
100 _aBabu, M. Devendra
245 _aEleventh Finance Commission's recommendations and the local bodies: impact across the states
260 _c2002
300 _ap.1-17.
362 _aJul-Sep
650 _aPublic finance
773 _aManagement in Government
909 _a55647
999 _c55647
_d55647